Methods on nonlinear elliptic equations /
Guardado en:
| Autor Principal: | |
|---|---|
| Otros Autores: | |
| Formato: | Libro |
| Idioma: | English |
| Publicado: |
Springfield, MO :
American Institute of Mathematical Sciences,
2010
|
| Series: | Differential equations & dynamical systems ;
v. 4. |
| Materias: | |
| Etiquetas: |
Agregar Etiqueta
Sin Etiquetas, Sea el primero en etiquetar este registro!
|
| LEADER | 01026cam a2200277 a 4500 | ||
|---|---|---|---|
| 001 | MAT.inmabb006860 | ||
| 008 | 120830s2010####mou######b####001#0#eng## | ||
| 005 | 20150918180025.0 | ||
| 245 | 1 | 0 | |a Methods on nonlinear elliptic equations / |c Wenxiong Chen, Yeshiva University; Congming Li, University of Colorado at Boulder. |
| 264 | 1 | |a Springfield, MO : |b American Institute of Mathematical Sciences, |c 2010 | |
| 300 | |a xii, 299 pages ; |c 25 cm. | ||
| 336 | |a text |2 rdacontent | ||
| 337 | |a unmediated |2 rdamedia | ||
| 338 | |a volume |2 rdacarrier | ||
| 490 | 0 | |a Differential equations & dynamical systems ; |v v. 4. | |
| 504 | |a Incluye referencias bibliográficas (p. 291-296) e índice. | ||
| 510 | 4 | |a MR, |c 2012k:35002 | |
| 020 | |a 9781601330062 | ||
| 020 | |a 1601330065 | ||
| 100 | 1 | |a Chen, Wenxiong. | |
| 700 | 1 | |a Li, Congming. | |
| 650 | 0 | |a Elliptic functions. | |
| 084 | |a 35-01 (35J20 35J61 35R11 45G05 47J30 58E05) |2 msc2010 | ||
| 010 | |a 2012419635 | ||
| 040 | |a DLC |b eng |c DLC |e rda | ||
| 859 | |h 35 |i C518 |p A-8931 |b BIB. MATEMATICA | ||
